| 000 | 00330nam a2200121Ia 4500 | ||
|---|---|---|---|
| 008 | 220901s9999||||xx |||||||||||||| ||und|| | ||
| 082 | _a621.042 ASM | ||
| 100 | _aASME | ||
| 245 | 0 | _aJournal of energy resources technology | |
| 250 | _aVol. 133 Issue No. 1, 2, 3 & 4 | ||
| 260 |
_bASME _c2011 |
||
| 650 |
_aEnergy Engineering _913074 |
||
| 999 |
_c193851 _d193851 |
||